Guess the Movie/TV Show - Pixelated Images #5 - Statistics

General Stats
  • This quiz has been taken 60 times
  • The average score is 10 of 15
Answer Stats
Picture Hint Answer % Correct
1999–present SpongeBob SquarePants
100%
2016 Deadpool
96%
1975 Jaws
96%
2001 The Lord of the Rings Series
95%
2008 The Dark Knight
93%
2005–2013 The Office
89%
2012 Brave
85%
2013–present Peaky Blinders
85%
2001 Harry Potter Series
73%
2010 Tangled
64%
1999 Fight Club
42%
1983 Scarface
40%
2013 The Wolf of Wall Street
38%
1999–2007 The Sopranos
27%
1995 Casino
15%
No matching quizzes found
Score Distribution
Percent of People with Each Score
Percentile by Number Answered
Your Score History
You have not taken this quiz